Masky v ľudovej kultúre zborník k Antológii východoslovenského folklóru - Prešov 1996

Bibliographic Details
Main Author: Pančuhová, Eva, 1950- (Author)
Other Authors: Luther, Daniel, 1950- (Compiler)
Format: Book
Language:Slovak
PhysicalDescription:101 s. fotogr. 21 cm
Published: Bratislava Národné osvetové centrum Ústav etnológie Slovenskej akadémie vied 1998
ISBN:8071211524
Series:Edícia záujmovej umeleckej činnosti
Subjects:

MARC

LEADER 00000cam a2200000 a 4500
001 vtls001332431
003 SK-MaSNL
005 20260301235727.0
008 231120s1998 xo a fr 10000 slo
015 |a SNBA1998/10-03424 
020 |a 8071211524 
035 |a SNK000285332 
035 |a urn:nbn:sk:snk-amjtf6 
035 |a urn:nbn:sk:snk:ar-a0ct8d 
035 |a 4b9e4a04-4c2f-49c3-803f-80ccd08207c4 
040 |a SNK  |b slo  |c SNK  |e AACR2 
041 0 |a slo 
044 |a xo  |c SK 
080 |a 391.8:398.3(437.6)(082)\  |2 1981 
080 |a 398.3(437.6)(082)\  |2 1981 
245 0 0 |a Masky v ľudovej kultúre  |b zborník k Antológii východoslovenského folklóru - Prešov 1996  |c [kolektív autorov: Eva Pančuhová ... [et al.] ; zostavil Daniel Luther 
260 |a Bratislava  |b Národné osvetové centrum  |b Ústav etnológie Slovenskej akadémie vied  |c 1998 
300 |a 101 s.  |b fotogr.  |c 21 cm 
490 1 |a Edícia záujmovej umeleckej činnosti 
500 |a Údaj o aut. prevzatý z rubu tit. strany 
504 |a Reg. Pozn. 
650 0 7 |a ľudové masky  |2 SNKPH  |9 386879 
655 7 |a zborníky konferencií  |2 SNKPH  |9 70153 
655 7 |a issue_zb  |2 SNK  |9 276493 
700 1 |a Pančuhová, Eva,  |d 1950-  |4 aut  |9 213983 
700 1 |a Luther, Daniel,  |d 1950-  |4 com  |9 124690 
830 0 |a Edícia záujmovej umeleckej činnosti  |9 287505 
919 |a 80-7121-152-4 
954 |a odborná, vedecká literatúra pôvodná (slovenská)  |2 lita 
958 |a ART 
958 |a TL 
958 |a SS 
958 |a OND 
958 |a EUIPO 
999 |c 976368  |d 978298 
952 |t P60, <03>, [BOOK], {603}  |a SNK  |b SNK  |y PREZ  |7 0  |p 17A0141870  |o snkSC 95911  |i snkKSP 5553/98  |0 0  |1 0  |4 0  |d 1998-05-28  |l 0  |r 2025-09-12 00:00:00  |w 2026-02-24 
952 |t P60, <04>, [BOOK], {604}  |a SNK  |b SNK  |y VYP  |7 0  |p 17A0141869  |o snkSC 95911 D1  |i snkKSP 5554/98  |0 0  |1 0  |4 0  |d 1998-05-28  |l 0  |r 2005-01-02 00:00:00  |w 2026-02-24